LEADER 01622nam a2200337 u 4500 001 000000014258 003 CaOOAMICUS 005 20150706184005.0 008 940517s1976 it u000 u ita u 035 $a10338628 040 $aPUL$bita 111 2 $aSettimana Biblica$n(23 :$d1974 :$cRoma).$0(OLS)http://pul/name/13257 245 13$aLa cristologia in san Paolo /$cscritti di Marco Adinolfi... [et al.]. 246 34$aCristologia in Paolo :$batti della XXIII settimana biblica 260 $aBrescia :$bPaideia,$c1976. 300 $a392 p.$c24 cm 500 $aIn testa al front.: Atti della XXIII settimana biblica, Associazione biblica italiana. 504 $aBibliografia in nota. 600 04$aIesus Christus$xTeologia$xCongressi.$0(OLS)http://pul/subject/2481 630 04$aBiblia.$pN.T.$pPauli epistolae$xCongressi.$0(OLS)http://pul/subject/37976 700 1 $aAdinolfi, Marco,$cO.F.M.,$d1919-$0(OLS)http://pul/name/5729 710 2 $aAssociazione biblica italiana.$0(OLS)http://pul/name/5240 850 $aPUL 852 $aPUL$W1$xSL Religione 1$y3$m10 O 23$j20038$nBK-PRI$b $qStampati$B20038$CPULBib$Z2$F20038 $H $81 852 $aPUL$W1$xDP1 Fondo S. Lanza$y121$m3 F 76$j166966$qFondi$B167555$CPULBib$Z2$F167555 $HLAN1393 $82 941 1 $a8 941 1 $a1 961 $aINV: 43010. 996 $6245$aLa cristologia in san Paolo$9(OLS)http://pul/title/20530 996 $6246$aCristologia in Paolo :$batti della XXIII settimana biblica$9(OLS)http://pul/title/20531 996 $6260$aBrescia :$bPaideia$9(OLS)http://pul/publisher/47884 LEADER 01280nam a2200301 u 4500 001 000000108352 003 CaOOAMICUS 005 20071121152550.0 008 071121s2006 it u000 u ita u 020 $a88-13-26423-2 040 $aPUL$bita$dLDB 245 03$aLe nuove responsabilità dello Stato verso il cittadino /$ca cura di Claudio Defilippi e Francesca Anselmo. 260 $aPadova :$bCEDAM,$c2006. 300 $axiv, 448 p. ;$c24 cm. 490 1 $aDiritto italiano ;$v31 500 $aComprende indici. 504 $aBibliografia: p. [437]-441. 650 14$aDanni (diritto).$0(OLS)http://pul/subject/18815 700 1 $aAnselmo, Francesca.$0(OLS)http://pul/name/66425 700 1 $aDefilippi, Claudio.$0(OLS)http://pul/name/66424 830 0$aDiritto italiano ;$v31.$0(OLS)http://pul/title/104054 850 $aPUL 852 $aPUL$W1$xSL Diritto e Scienze Sociali 3$y79$m342. 088 DEFCL 1$j123447$qDDC 21$B122389$CPULBib$Z2$F122389 $H105615 $82 941 1 $a9 960 $aDanno (diritto)$918815 996 $6020$a88-13-26423-2$9(OLS)http://pul/number/136310 996 $6245$aLe nuove responsabilità dello Stato verso il cittadino$9(OLS)http://pul/title/136348 996 $6260$aPadova :$bCEDAM$9(OLS)http://pul/publisher/48126